00468nam a2200157 a 4500008004100000020001500041050001400056100002200070245009500092250001200187260005700199300002000256350000900276650001300285650001200298110912s2000 ||||||||||||||||| || u a0683301349 aRD 31 Ess aLawrence, Peter F10aEssentials of surgical specialties.--2nd ed.c[edited by] Lawrence, Peter F...[and others] a2nd ed. aPhiladelphia:bLippincott Williams and Wilkinsc2000 axi, 514p.: ill. a0.00 aMEDICINE 0aSURGERY